Mac Miller ROS Lyrics - Statistics

General Stats
  • This quiz has been taken 34 times
  • The average score is 448 of 610
Answer Stats
Answer % Correct
I
100%
like
100%
love
100%
Love
100%
to
100%
you
100%
You
100%
your
100%
Your
100%
a
95%
my
95%
My
95%
No
95%
of
95%
Of
95%
vodka
95%
With
95%
with
95%
be
89%
Been
89%
every
89%
go
89%
Good
89%
have
89%
Have
89%
in
89%
is
89%
Kind
89%
kind
89%
little
89%
Mind
89%
mind
89%
Off
89%
Running
89%
take
89%
The
89%
the
89%
through
89%
Through
89%
You've
89%
before?
84%
Cause
84%
each
84%
evening
84%
for
84%
For
84%
heels
84%
Me
84%
me
84%
Oh
84%
Too
84%
too
84%
we
84%
We're
84%
we're
84%
And
79%
and
79%
Baby
79%
baby
79%
do
79%
everybody
79%
it
79%
on
79%
other
79%
Probably
79%
say
79%
Say
79%
she
79%
She
79%
Should
79%
So
79%
spell
79%
that
79%
That
79%
they
79%
touch
79%
under
79%
all
74%
beat
74%
Behind
74%
But
74%
Can't
74%
can't
74%
look
74%
Not
74%
not
74%
put
74%
are
68%
day
68%
glass
68%
got
68%
Hide
68%
Just
68%
just
68%
Let's
68%
let's
68%
lime
68%
make
68%
Question
68%
rain
68%
taste
68%
Tell
68%
then
68%
there
68%
thing
68%
this
68%
trying
68%
want
68%
Want
68%
what
68%
when
68%
ask
63%
babe
63%
CD
63%
days
63%
don't
63%
eyelids
63%
forever
63%
heart
63%
her
63%
How's
63%
If
63%
I'm
63%
iris
63%
kiwi
63%
know
63%
last
63%
left
63%
lips
63%
only
63%
perfect
63%
scratched
63%
some
63%
Stained
63%
two
63%
us
63%
Yeah
63%
yeah
63%
You're
63%
you're
63%
ain't
58%
am
58%
away
58%
butterscotch
58%
crazy
58%
easy
58%
favorite
58%
Fiji
58%
Find
58%
had
58%
Hate
58%
head
58%
I'll
58%
it's
58%
Looking
58%
love's
58%
mine
58%
one
58%
or
58%
ounce
58%
same
58%
Seek
58%
smell
58%
still
58%
sunshine
58%
was
58%
Diamond
53%
doing
53%
Everything
53%
everything
53%
Games
53%
gave
53%
give
53%
Hope
53%
laugh
53%
made
53%
man
53%
mushrooms
53%
new
53%
now
53%
plane
53%
playing
53%
pussy
53%
right
53%
skin
53%
something
53%
spit
53%
verses
53%
wanna
53%
way
53%
will
53%
world
53%
yours
53%
at
47%
calm
47%
circus
47%
collected
47%
cool
47%
death
47%
done
47%
earn
47%
earth
47%
Feel
47%
fuck
47%
gift
47%
Mother
47%
nervous
47%
nice
47%
palace
47%
Really
47%
skipped
47%
there's
47%
these
47%
up
47%
wrong
47%
about
42%
breath
42%
care
42%
date
42%
dream
42%
eat
42%
fly
42%
king
42%
lasts
42%
loving
42%
making
42%
mean
42%
mess
42%
need
42%
nothing
42%
Nothing
42%
power
42%
prepared
42%
queen
42%
ran
42%
ready
42%
step
42%
um
42%
work
42%
worry
42%
afraid
37%
beside
37%
breathless
37%
chess
37%
deserve
37%
from
37%
gimme
37%
Gimme
37%
hold
37%
knew
37%
leave
37%
Marry
37%
pain
37%
pay
37%
price
37%
Scared
37%
shine
37%
show
37%
sick
37%
waiting
37%
bomb
32%
catch
32%
detonating
32%
fall
32%
family
32%
Girl
32%
here
32%
okay
32%
record-breaking
32%
start
32%
swear
32%
attention
26%
drug
26%
free
26%
obsession
26%
second
26%
seen
26%
today
26%
though
16%
Pilot
5%
No matching quizzes found
Score Distribution
Percent of People with Each Score
Percentile by Number Answered
Your Score History
You have not taken this quiz